Comunitats autònomes d'Espanya - Statistics

General Stats
  • This quiz has been taken 10 times
  • The average score is 16 of 17
Answers on the Map
Answers color-coded by a green-red scale on the quiz's map according to % correct below.
 
Answer Stats
Comunitat % Correct
Andalusia
100%
Aragó
100%
Astúries
100%
Cantàbria
100%
Catalunya
100%
Comunitat de Madrid
100%
Comunitat Valenciana
100%
Extremadura
100%
Galícia
100%
Illes Balears
100%
Illes Canàries
100%
La Rioja
100%
Navarra
100%
Regió de Múrcia
100%
País Basc
89%
Castella i Lleó
78%
Castella - La Manxa
78%
No matching quizzes found
Score Distribution
Percent of People with Each Score
Percentile by Number Answered
Your Score History
You have not taken this quiz